[Event "Prva liga CS 2013"]
[Site "www.sah-centralnasrbija.com"]
[Date "2013.09.20"]
[Round "?"]
[White "Atalik Suat"]
[Black "Galkin Alexander"]
[Result "1-0"]
[WhiteElo "2566"]
[BlackElo "2626"]
[PlyCount "103"]
[EventDate "2013.??.??"]

1. c4 e6 2. g3 d5 3. Bg2 Nf6 4. Nf3 dxc4 5. Qa4+ c6 6. Qxc4 b5 7. Qb3 Bb7 8. d4
a6 9. Be3 Nd5 10. Nbd2 Nd7 11. Ne4 Rc8 12. O-O c5 13. dxc5 Nxc5 14. Bxc5 Bxc5
15. Nxc5 Rxc5 16. Rfc1 Rxc1+ 17. Rxc1 O-O 18. Ne5 Qa5 19. Bf3 h6 20. h4 Qd2 21.
Rd1 Qa5 22. a3 Qc7 23. Nd3 Nf6 24. Rc1 Qb6 25. Bxb7 Qxb7 26. Qc2 Nd5 27. Qc6
Qa7 28. Qd6 a5 29. Rc5 Rb8 30. Ne5 Qa8 31. Qd7 Qb7 32. Qxb7 Rxb7 33. Rc8+ Kh7
34. h5 Nb6 35. Rf8 Nc4 36. Nxf7 g6 37. Nd8 Re7 38. hxg6+ Kxg6 39. Nc6 Rc7 40.
Nd4 Rb7 41. b3 Nxa3 42. Ra8 a4 43. bxa4 b4 44. Nb3 Rc7 45. a5 Rc3 46. a6 Nb5
47. Nd4 Nc7 48. Rb8 Ra3 49. Rb7 Nxa6 50. Nxe6 Ra2 51. Rb5 Rb2 52. Rb6 1-0

[Event "Prva liga CS 2013"]
[Site "www.sah-centralnasrbija.com"]
[Date "2013.09.20"]
[Round "?"]
[White "Marinkovic Ivan"]
[Black "Zivkovic Sava"]
[Result "1-0"]
[WhiteElo "2448"]
[BlackElo "2353"]
[PlyCount "35"]
[EventDate "2013.??.??"]

1. e4 c5 2. Nf3 d6 3. d4 cxd4 4. Nxd4 Nf6 5. Nc3 g6 6. g3 Nc6 7. Bg2 Nxd4 8.
Qxd4 Bg7 9. a4 O-O 10. a5 Bd7 11. Qb4 Bc6 12. O-O Nd7 13. Be3 b6 14. axb6 axb6
15. Nd5 Bxd5 16. exd5 Qc7 17. c3 Ra5 18. Bxb6 1-0

[Event "Prva liga CS 2013"]
[Site "www.sah-centralnasrbija.com"]
[Date "2013.09.20"]
[Round "?"]
[White "Stankovic Milos"]
[Black "Ignjatovic Predrag"]
[Result "1-0"]
[WhiteElo "2407"]
[BlackElo "2290"]
[PlyCount "105"]
[EventDate "2013.??.??"]

1. e4 e5 2. Nf3 Nc6 3. Nc3 Nf6 4. g3 Bb4 5. Bg2 O-O 6. d3 d6 7. O-O a6 8. h3
Bc5 9. Kh2 h6 10. Be3 Bxe3 11. fxe3 Ne7 12. Nh4 Ng6 13. Nf5 c6 14. Qe2 Be6 15.
Rad1 b5 16. g4 Ra7 17. Qf2 Nh7 18. d4 Bc4 19. Rfe1 b4 20. b3 Bb5 21. Ne2 Bxe2
22. Rxe2 Rd7 23. Qg3 Re8 24. Red2 Ngf8 25. dxe5 dxe5 26. Rxd7 Nxd7 27. Qe1 a5
28. c3 g6 29. Nd6 Re6 30. cxb4 axb4 31. Qxb4 Nhf8 32. Nc4 Qg5 33. Rd6 h5 34.
Rxe6 Nxe6 35. Qd6 Nef8 36. gxh5 gxh5 37. Qxc6 h4 38. Qd6 Qg3+ 39. Kg1 Qe1+ 40.
Bf1 Qg3+ 41. Kh1 Qf2 42. Qd1 Ng6 43. Qe2 Qf6 44. Bg2 Qc6 45. Qd3 Ngf8 46. Qd5
Qg6 47. Nxe5 Nxe5 48. Qxe5 Qa6 49. a4 Qe2 50. Qc3 Ne6 51. a5 Ng5 52. Qc1 Qf2
53. a6 1-0

[Event "Prva liga CS 2013"]
[Site "www.sah-centralnasrbija.com"]
[Date "2013.09.20"]
[Round "?"]
[White "Nenadovic Ljubisa"]
[Black "Tasic Vladimir"]
[Result "0-1"]
[WhiteElo "2189"]
[BlackElo "2242"]
[PlyCount "88"]
[EventDate "2013.??.??"]

1. d4 d5 2. c4 dxc4 3. Nf3 a6 4. e3 Nf6 5. Bxc4 e6 6. Nc3 c5 7. O-O Be7 8. Qe2
b5 9. Bd3 Nbd7 10. Rd1 Bb7 11. e4 b4 12. Na4 cxd4 13. Nxd4 Qa5 14. b3 O-O 15.
Bb2 Rfd8 16. Rac1 Rac8 17. Bb1 Rxc1 18. Rxc1 Nc5 19. Nxc5 Bxc5 20. Nf3 Ng4 21.
Rf1 Qb5 22. Qxb5 axb5 23. Bc2 f5 24. exf5 exf5 25. Bxf5 Bxf3 26. gxf3 Nxf2 27.
Kg2 Rd2 28. Bc1 Rxa2 29. Kg3 g6 30. Be6+ Kg7 31. Bf4 Nd3 32. Bb8 Bf2+ 33. Kh3
Ba7 34. Bc7 Rc2 35. Bg3 Nf2+ 36. Bxf2 Bxf2 37. Bd7 Be3 38. Kg3 g5 39. h4 h6 40.
hxg5 hxg5 41. Ra1 Bf4+ 42. Kg4 Kf6 43. Ra6+ Ke5 44. Bxb5 Rh2 0-1

[Event "Prva liga CS 2013"]
[Site "www.sah-centralnasrbija.com"]
[Date "2013.09.20"]
[Round "?"]
[White "Tomic Bosko"]
[Black "Tosic Miroslav"]
[Result "1/2-1/2"]
[WhiteElo "2447"]
[BlackElo "2412"]
[PlyCount "41"]
[EventDate "2013.??.??"]

1. e4 c5 2. Nf3 e6 3. Nc3 d6 4. d4 cxd4 5. Nxd4 a6 6. f4 Nc6 7. Be3 Nf6 8. Qf3
Bd7 9. O-O-O Qc7 10. g4 h6 11. h4 h5 12. g5 Ng4 13. Bh3 Rc8 14. g6 Nxd4 15.
gxf7+ Kxf7 16. Bxd4 b5 17. Rd2 b4 18. Nb1 Kg8 19. Rg1 e5 20. fxe5 Be6 21. Qg3
1/2-1/2

[Event "Prva liga centralne Srbije 2013"]
[Site "Kragujevac"]
[Date "2013.09.20"]
[Round "9.1"]
[White "Stojanovski, Dejan"]
[Black "Mista, Aleksander"]
[Result "0-1"]
[WhiteElo "2436"]
[BlackElo "2582"]
[PlyCount "94"]
[EventDate "2013.09.14"]

1. e4 e5 2. Nf3 Nc6 3. Bb5 a6 4. Bxc6 dxc6 5. Nc3 f6 6. d4 exd4 7. Qxd4 Qxd4 8.
Nxd4 Bd7 9. Be3 O-O-O 10. O-O-O Ne7 11. f3 Ng6 12. h4 h5 13. Nde2 Bd6 14. Na4
Be6 15. Nc5 Bf7 16. Nd3 b6 17. Nd4 Ne7 18. Ne2 c5 19. Bf4 Bxa2 20. Bxd6 Rxd6
21. e5 fxe5 22. Nc3 Be6 23. Nxe5 Rxd1+ 24. Nxd1 Nf5 25. Nf2 Nd4 26. Ne4 Re8 27.
Re1 Nf5 28. Ng6 Bf7 29. Nf4 Nxh4 30. Rh1 Nf5 31. Ng5 Ng3 32. Rh3 Nf1 33. b3
Re1+ 34. Kb2 Be8 35. Rh1 Re5 36. Nge6 Ng3 37. Rd1 Bd7 38. Nxg7 Rg5 39. Nfe6 Re5
40. Nf4 h4 41. Rd5 Rxd5 42. Nxd5 Kd8 43. c4 b5 44. cxb5 axb5 45. Kc3 Ne2+ 46.
Kd3 c6 47. Ne3 Nf4+ 0-1

[Event "Prva liga centralne Srbije 2013"]
[Site "Kragujevac"]
[Date "2013.09.20"]
[Round "9.1"]
[White "Pavlovic, Milos"]
[Black "Djukic, Zeljko"]
[Result "1-0"]
[WhiteElo "2496"]
[BlackElo "2386"]
[PlyCount "67"]
[EventDate "2013.09.14"]

1. Nf3 d6 2. d4 Bg4 3. e4 e6 4. c3 Nf6 5. Nbd2 c6 6. Qb3 Qc7 7. Bd3 Be7 8. O-O
O-O 9. Re1 e5 10. h3 Be6 11. Qd1 h6 12. Nf1 Re8 13. Ng3 Bf8 14. Nh2 c5 15. d5
Bc8 16. a4 Be7 17. Bb5 Rf8 18. f4 Nh7 19. Nf3 exf4 20. Bxf4 Bg5 21. Bxg5 hxg5
22. e5 g4 23. Nh4 dxe5 24. Nhf5 Nf6 25. hxg4 c4 26. g5 Nh7 27. Kh2 Bxf5 28.
Nxf5 a6 29. d6 Qc5 30. Re4 axb5 31. Ne7+ Kh8 32. Rh4 g6 33. Qf3 Nd7 34. Rxh7+
1-0

[Event "Prva liga centralne Srbije 2013"]
[Site "Kragujevac"]
[Date "2013.09.20"]
[Round "9.1"]
[White "Ilic, Zoran S"]
[Black "Tadic, Branko"]
[Result "0-1"]
[WhiteElo "2285"]
[BlackElo "2486"]
[PlyCount "64"]
[EventDate "2013.09.14"]

1. d4 d6 2. Nf3 Nf6 3. c4 g6 4. g3 Bg7 5. Bg2 O-O 6. O-O Nbd7 7. Nc3 e5 8. e4
c6 9. b3 Re8 10. h3 exd4 11. Nxd4 Nc5 12. Re1 Qa5 13. Bb2 Nfd7 14. Re2 h5 15.
f4 Qb6 16. Kh1 Nf6 17. Qd2 Bd7 18. Rae1 Rad8 19. Nf3 a5 20. Qc2 Qb4 21. Re3 a4
22. Nb1 axb3 23. axb3 Ncxe4 24. Rxe4 Nxe4 25. Bxg7 Nxg3+ 26. Kh2 Rxe1 27. Bc3
Re2 28. Qd1 Qc5 29. Bd4 Qf5 30. Kxg3 Rde8 31. Nc3 Rc2 32. Qa1 g5 0-1

[Event "Prva liga centralne Srbije 2013"]
[Site "Kragujevac"]
[Date "2013.09.20"]
[Round "9.1"]
[White "Roganovic, Milos"]
[Black "Mitrovic, Darko R"]
[Result "1-0"]
[WhiteElo "2497"]
[BlackElo "2278"]
[PlyCount "33"]
[EventDate "2013.09.14"]

1. e4 e6 2. d4 d5 3. Nc3 Bb4 4. e5 c5 5. a3 Bxc3+ 6. bxc3 Ne7 7. Qg4 O-O 8. Bd3
c4 9. Bg5 cxd3 10. Bf6 g6 11. Qg5 Qc7 12. g4 Qxc3+ 13. Kf1 Qxa1+ 14. Kg2 Qxd4
15. Nf3 Qa4 16. h3 Nd7 17. Qh6 1-0

[Event "Prva liga centralne Srbije 2013"]
[Site "Kragujevac"]
[Date "2013.09.20"]
[Round "9.1"]
[White "Djukic, Stevan"]
[Black "Arsovic, Goran"]
[Result "1/2-1/2"]
[WhiteElo "2252"]
[BlackElo "2449"]
[PlyCount "33"]
[EventDate "2013.09.14"]

1. d4 Nf6 2. c4 d6 3. Nc3 Nbd7 4. e4 e5 5. d5 Nc5 6. f3 a5 7. Be3 Be7 8. Qd2 h6
9. g3 Nfd7 10. h4 a4 11. Nh3 c6 12. Nf2 Qa5 13. Be2 Nb6 14. O-O cxd5 15. cxd5
Bd7 16. Rfc1 O-O 17. Nb1 1/2-1/2

[Event "Prva liga centralne Srbije 2013"]
[Site "Kragujevac"]
[Date "2013.09.20"]
[Round "9.1"]
[White "Todorovic, Jovan"]
[Black "Stankovic, Dejan"]
[Result "1-0"]
[WhiteElo "2418"]
[BlackElo "2262"]
[PlyCount "51"]
[EventDate "2013.09.14"]

1. e4 e5 2. Nf3 Nf6 3. d4 Nxe4 4. Bd3 Nc6 5. dxe5 d5 6. O-O Bg4 7. Nc3 Nxc3 8.
bxc3 Be7 9. Re1 O-O 10. h3 Bh5 11. Rb1 Na5 12. Bf5 c6 13. Qd3 Bxf3 14. Qxf3 g6
15. Bh6 Re8 16. e6 Bf6 17. exf7+ Kxf7 18. Bg4 b6 19. Bg5 Qd6 20. Bf4 Qf8 21.
Bd7 Rxe1+ 22. Rxe1 Kg7 23. Re6 Qf7 24. Bxc6 Rc8 25. Bxd5 Rxc3 26. Rxf6 1-0

[Event "Prva liga centralne Srbije 2013"]
[Site "Kragujevac"]
[Date "2013.09.20"]
[Round "9.2"]
[White "Radibratovic, Predrag"]
[Black "Perunovic, Miodrag"]
[Result "0-1"]
[WhiteElo "2362"]
[BlackElo "2418"]
[PlyCount "48"]
[EventDate "2013.09.14"]

1. d4 e6 2. e4 d5 3. exd5 exd5 4. Bd3 c5 5. Qe2+ Be7 6. dxc5 Nf6 7. Nf3 O-O 8.
O-O Re8 9. h3 Bxc5 10. Qd1 Nc6 11. Nbd2 Qd6 12. Nb3 Bb6 13. Re1 Bxh3 14. Be3
Bxe3 15. Rxe3 Rxe3 16. fxe3 Qg3 17. Qe2 Ng4 18. Bf5 Bxg2 19. Bxh7+ Kxh7 20.
Qxg2 Qxg2+ 21. Kxg2 Nxe3+ 22. Kf2 Nxc2 23. Rh1+ Kg8 24. a3 Re8 0-1

[Event "Prva liga centralne Srbije 2013"]
[Site "Kragujevac"]
[Date "2013.09.20"]
[Round "9.2"]
[White "Brajovic, Miroljub"]
[Black "Marcetic, Nikola"]
[Result "1/2-1/2"]
[WhiteElo "2135"]
[BlackElo "2395"]
[PlyCount "112"]
[EventDate "2013.09.14"]

1. e4 c5 2. c3 d5 3. exd5 Qxd5 4. d4 Nf6 5. Nf3 g6 6. Be2 cxd4 7. cxd4 Bg7 8.
Nc3 Qd8 9. O-O O-O 10. Re1 b6 11. Bg5 Bb7 12. Bc4 Nc6 13. a3 Rc8 14. Ba2 Na5
15. Qe2 e6 16. Rad1 Re8 17. Ne5 h6 18. Bc1 Bd5 19. Nxd5 exd5 20. Qf3 Nc4 21.
Qh3 h5 22. Bb1 Nxe5 23. dxe5 Ng4 24. f4 Bf8 25. b4 a5 26. f5 Rxc1 27. Rxc1 Qg5
28. fxg6 fxg6 29. Qd3 axb4 30. Qxg6+ Qxg6 31. Bxg6 Rxe5 32. Rxe5 Nxe5 33. Bb1
Bc5+ 34. Kf1 bxa3 35. Ba2 Nc4 36. Ke2 b5 37. Rd1 Ne3 38. Rd3 Nc2 39. Rxd5 Nb4
40. Rg5+ Kf8 41. Bb3 Bd6 42. Rxb5 h4 43. h3 Ke7 44. Kf3 Nd3 45. Kg4 Bg3 46.
Rb7+ Kf6 47. Rf7+ Kg6 48. Re7 Ne5+ 49. Rxe5 Bxe5 50. Kxh4 Bd6 51. Kg4 Kh6 52.
h4 Be7 53. Kh3 Bf6 54. Bc4 Be7 55. g3 Bd6 56. g4 Be7 1/2-1/2

[Event "Prva liga centralne Srbije 2013"]
[Site "Kragujevac"]
[Date "2013.09.20"]
[Round "9.2"]
[White "Radivojevic, Ivan"]
[Black "Kijanovic, Igor"]
[Result "1-0"]
[WhiteElo "2352"]
[BlackElo "2004"]
[PlyCount "69"]
[EventDate "2013.09.14"]

1. e4 c5 2. Nf3 Nc6 3. d4 cxd4 4. Nxd4 Nf6 5. Nc3 d6 6. g3 g6 7. Nde2 Bg7 8.
Bg2 Bd7 9. a4 Rc8 10. O-O h5 11. h3 a6 12. Nd5 Nxd5 13. exd5 Ne5 14. Ra2 b5 15.
b3 bxa4 16. f4 axb3 17. cxb3 Qb6+ 18. Rf2 Bb5 19. fxe5 Bxe5 20. Bb2 O-O 21.
Bxe5 dxe5 22. Qd2 f5 23. Nc3 e4 24. Nd1 Bd3 25. Kh2 Qxb3 26. Qg5 Qxd1 27. Qxg6+
Kh8 28. Rad2 Qa1 29. Rxf5 Rxf5 30. Qxf5 Rc4 31. Qf8+ Kh7 32. Rf2 Kg6 33. Qf7+
Kh6 34. Qe6+ Kh7 35. Rf7+ 1-0

[Event "Prva liga centralne Srbije 2013"]
[Site "Kragujevac"]
[Date "2013.09.20"]
[Round "9.4"]
[White "Paunovic, Tomislav"]
[Black "Dimitrijevic, Srdjan"]
[Result "1-0"]
[WhiteElo "2327"]
[BlackElo "2307"]
[PlyCount "167"]
[EventDate "2013.09.14"]

1. d4 d5 2. c4 c6 3. cxd5 cxd5 4. Nc3 Nf6 5. Bf4 e6 6. e3 Bd6 7. Bxd6 Qxd6 8.
Rc1 O-O 9. f4 Bd7 10. Nf3 b5 11. Bd3 b4 12. Na4 Ng4 13. Ke2 a6 14. Nc5 Bb5 15.
Qb3 Bxd3+ 16. Qxd3 Nd7 17. Nxd7 Qxd7 18. Rc5 Qd8 19. Rhc1 Nf6 20. Rc7 Ne4 21.
g3 Qf6 22. Qc2 Qf5 23. Kf1 h6 24. Kg2 g5 25. fxg5 hxg5 26. Rf1 g4 27. Nd2 Qg6
28. Nxe4 dxe4 29. Qc6 Rad8 30. Qxa6 Rd5 31. Rc8 Rh5 32. Rxf8+ Kxf8 33. Qd6+ Kg8
34. Qf4 Kg7 35. Qc7 Rd5 36. Qb7 Rf5 37. Qc7 Rf3 38. Qe5+ Kh7 39. Rc1 Rf5 40.
Qc7 Qf6 41. Qc2 Qg6 42. Kg1 Rf3 43. Re1 Qf5 44. Qd2 Qb5 45. Qc2 Qf5 46. Qc5 Qf6
47. Qh5+ Qh6 48. Qxh6+ Kxh6 49. a4 bxa3 50. bxa3 Rf5 51. a4 Ra5 52. Ra1 Kg5 53.
Kf2 Kf6 54. Ke2 Ke7 55. Kd2 Kd6 56. Kc3 Kc6 57. Kb4 Rf5 58. a5 Kb7 59. Ra2 Ka6
60. Kc4 Rf3 61. Re2 Rf5 62. Rd2 Rf3 63. d5 exd5+ 64. Rxd5 Rxe3 65. Kd4 Re2 66.
Rh5 Re1 67. Re5 Re2 68. Rxe4 Rxh2 69. Rxg4 Kxa5 70. Ke5 Kb6 71. Kf6 Kc5 72.
Kxf7 Kd5 73. Kf6 Rh1 74. Ra4 Rh6+ 75. Kg7 Rh3 76. g4 Ke6 77. g5 Rg3 78. g6 Rg1
79. Ra2 Rg3 80. Rf2 Rg1 81. Kh7 Rh1+ 82. Kg8 Rg1 83. g7 Ra1 84. Rh2 1-0

[Event "Prva liga centralne Srbije 2013"]
[Site "Kragujevac"]
[Date "2013.09.20"]
[Round "9.4"]
[White "Jovic, Stanoje"]
[Black "Manic, Jovica"]
[Result "1/2-1/2"]
[WhiteElo "2328"]
[BlackElo "2256"]
[PlyCount "50"]
[EventDate "2013.09.14"]

1. c4 c5 2. Nf3 Nc6 3. Nc3 g6 4. g3 Bg7 5. Bg2 d6 6. a3 e6 7. Rb1 Nge7 8. b4
O-O 9. O-O Rb8 10. e3 e5 11. d3 Bg4 12. h3 Bf5 13. Ne4 cxb4 14. axb4 b5 15. c5
Bxe4 16. cxd6 Bd5 17. dxe7 Qxe7 18. e4 Be6 19. Bd2 Rbc8 20. Qe2 h6 21. Rfc1
Rfe8 22. Rc5 Qd7 23. Rbc1 a6 24. Kh2 Kh7 25. Bf1 Qd6 1/2-1/2

[Event "Prva liga centralne Srbije 2013"]
[Site "Kragujevac"]
[Date "2013.09.20"]
[Round "9.4"]
[White "Todorovic, Bojan"]
[Black "Zivkovic, Nemanja"]
[Result "0-1"]
[WhiteElo "2338"]
[BlackElo "2274"]
[PlyCount "142"]
[EventDate "2013.09.14"]

1. d4 Nf6 2. c4 g6 3. Nc3 d5 4. cxd5 Nxd5 5. Bd2 Bg7 6. e4 Nxc3 7. Bxc3 O-O 8.
Nf3 Bg4 9. Be2 Nc6 10. d5 Bxf3 11. gxf3 Bxc3+ 12. bxc3 Ne5 13. f4 Nd7 14. c4 c6
15. Qd2 cxd5 16. cxd5 Nf6 17. Bf3 Qd7 18. f5 Qd6 19. Qd4 Qf4 20. Qe3 Qxe3+ 21.
fxe3 Nd7 22. Ke2 Ne5 23. Rac1 Rac8 24. fxg6 hxg6 25. Bg2 Kg7 26. h4 b5 27. Bh3
Rxc1 28. Rxc1 Rh8 29. Rc7 Rxh4 30. Bg2 Kf6 31. Rxa7 Rh8 32. Ra6+ Kg5 33. Ra7
Kf6 34. Ra6+ Kg7 35. Ra7 Re8 36. Kf2 Kf8 37. Bf1 b4 38. Bb5 Rb8 39. Ba4 Rb6 40.
Rc7 g5 41. Kg3 Rf6 42. Rb7 Rf3+ 43. Kg2 Rxe3 44. Rxb4 Re2+ 45. Kg3 Rxa2 46. Bb3
Re2 47. Bd1 Re3+ 48. Kf2 Rc3 49. Rb8+ Kg7 50. Rb7 Kf6 51. Rb6+ e6 52. Bh5 Rc2+
53. Be2 g4 54. Ke3 g3 55. Rb1 exd5 56. exd5 Kg5 57. Rg1 Ng4+ 58. Kd3 Ra2 59. d6
Ne5+ 60. Ke3 Ra3+ 61. Kd4 Nc6+ 62. Kc5 Nd8 63. Bc4 f5 64. Bd5 f4 65. Re1 f3 66.
Re8 Ra5+ 67. Kd4 Rxd5+ 68. Kxd5 f2 69. Rxd8 f1=Q 70. Rg8+ Kh4 71. Rh8+ Kg4 0-1

[Event "Prva liga centralne Srbije 2013"]
[Site "Kragujevac"]
[Date "2013.09.20"]
[Round "9.4"]
[White "Stankovic, Ivan G"]
[Black "Carnic, Srdjan"]
[Result "1/2-1/2"]
[WhiteElo "2238"]
[BlackElo "2327"]
[PlyCount "30"]
[EventDate "2013.09.14"]

1. e4 c5 2. c4 Nc6 3. Nc3 g6 4. g3 Bg7 5. Bg2 d6 6. d3 Nf6 7. Nge2 O-O 8. Rb1
Ne8 9. a3 a5 10. O-O Nc7 11. Be3 Ne6 12. h3 Ned4 13. Nb5 Bd7 14. Nbxd4 Nxd4 15.
Nxd4 cxd4 1/2-1/2

[Event "Prva liga centralne Srbije 2013"]
[Site "Kragujevac"]
[Date "2013.09.20"]
[Round "9.4"]
[White "Nikolic, Boban"]
[Black "Krstic, Ranko"]
[Result "0-1"]
[WhiteElo "2255"]
[BlackElo "2203"]
[PlyCount "74"]
[EventDate "2013.09.14"]

1. Nf3 g6 2. d4 Nf6 3. Bf4 Bg7 4. Nc3 d5 5. Qd2 c6 6. O-O-O h6 7. Ne5 Nbd7 8.
f3 Nh5 9. Nxd7 Nxf4 10. Qxf4 Bxd7 11. e4 e6 12. exd5 cxd5 13. h4 O-O 14. Bd3 a6
15. g4 b5 16. Ne2 b4 17. Kb1 a5 18. Qe3 Qb6 19. f4 e5 20. fxe5 Bxg4 21. Rdg1 h5
22. Nf4 Rad8 23. Be2 Bxe2 24. Nxe2 Rfe8 25. Qf4 Rc8 26. Rg2 Rc4 27. Rf1 Qc7 28.
Nc1 Rxe5 29. Qxf7+ Qxf7 30. Rxf7 Kxf7 31. dxe5 Rxh4 32. a4 bxa3 33. Nd3 axb2
34. Rf2+ Ke6 35. Nf4+ Rxf4 36. Rxf4 Bxe5 37. Ra4 Bc3 0-1

[Event "Prva liga centralne Srbije 2013"]
[Site "Kragujevac"]
[Date "2013.09.20"]
[Round "9.5"]
[White "Ivanov, Mikhail M"]
[Black "Nestorovic, Dejan"]
[Result "1/2-1/2"]
[WhiteElo "2398"]
[BlackElo "2437"]
[PlyCount "23"]
[EventDate "2013.09.14"]

1. c4 e5 2. Nc3 Nc6 3. g3 Bc5 4. Bg2 d6 5. e3 a6 6. Nge2 Ba7 7. d3 Nf6 8. Rb1
O-O 9. b4 Bf5 10. h3 h6 11. g4 Bh7 12. Ng3 1/2-1/2

[Event "Prva liga centralne Srbije 2013"]
[Site "Kragujevac"]
[Date "2013.09.20"]
[Round "9.5"]
[White "Milenkovic, Mladen"]
[Black "Jesic, Dusan"]
[Result "0-1"]
[WhiteElo "2381"]
[BlackElo "2357"]
[PlyCount "82"]
[EventDate "2013.09.14"]

1. e4 c5 2. Nf3 d6 3. d4 cxd4 4. Nxd4 Nf6 5. Nc3 a6 6. Bg5 e6 7. Bc4 b5 8. Bb3
Nbd7 9. Qe2 h6 10. Bd5 hxg5 11. Bxa8 Qb6 12. O-O-O Ne5 13. h4 Nfd7 14. f3 g6
15. Qe1 b4 16. Nce2 a5 17. Kb1 Qa6 18. Bd5 exd5 19. exd5 Bb7 20. hxg5 Rxh1 21.
Qxh1 Bxd5 22. Nf4 Bb7 23. Nh3 Bg7 24. Nf2 Kf8 25. f4 Nc4 26. Ng4 Qb6 27. Qg1
Qc5 28. Qf2 Be4 29. Nh6 Bxc2+ 30. Qxc2 Bxd4 31. Qe4 Bxb2 32. Qa8+ Ke7 33. Ng8+
Ke6 34. Qe8+ Kf5 35. Qxd7+ Kxf4 36. Qxf7+ Qf5+ 37. Qxf5+ Kxf5 38. Nh6+ Ke4 39.
Re1+ Kd3 40. a4 b3 41. Rh1 Bc3 0-1

[Event "Prva liga centralne Srbije 2013"]
[Site "Kragujevac"]
[Date "2013.09.20"]
[Round "9.5"]
[White "Radovanovic, Jovica"]
[Black "Dudukovic, Nikola"]
[Result "1/2-1/2"]
[WhiteElo "2335"]
[BlackElo "2352"]
[PlyCount "205"]
[EventDate "2013.09.14"]

1. e4 e6 2. d4 d5 3. Nc3 Nf6 4. e5 Nfd7 5. f4 c5 6. Nf3 Nc6 7. Be3 a6 8. g3 b5
9. a3 Qb6 10. Bg2 g6 11. O-O a5 12. Qd2 Ba6 13. Rfe1 cxd4 14. Nxd4 Nxd4 15.
Bxd4 Bc5 16. Bxc5 Qxc5+ 17. Qf2 b4 18. Qxc5 Nxc5 19. axb4 axb4 20. Nb5 Ke7 21.
Nd4 Bb7 22. Kf2 Rhc8 23. Ke3 Na4 24. Ra2 Nb6 25. Rxa8 Rxa8 26. b3 Nd7 27. Kd2
Nc5 28. g4 Ne4+ 29. Bxe4 dxe4 30. Ke3 Bd5 31. h4 Rc8 32. Kf2 Rc3 33. Re3 Rc5
34. g5 Kf8 35. Ke2 Kg7 36. Kd2 h6 37. c4 bxc3+ 38. Rxc3 Ra5 39. b4 Ra1 40. Rc1
e3+ 41. Kc2 Ra3 42. Re1 Be4+ 43. Kb2 Rd3 44. Ne2 Bf3 45. Nc1 Rd4 46. Kc3 Rxf4
47. Rxe3 Bd5 48. Nd3 Rc4+ 49. Kd2 Rxh4 50. gxh6+ Kxh6 51. Re1 Bc4 52. Nc5 g5
53. Rb1 Ba2 54. Ra1 Bd5 55. Rb1 g4 56. Rg1 Kg5 57. b5 Rh2+ 58. Kc3 Rh8 59. Kb4
Kf5 60. b6 Bf3 61. Kb5 Kxe5 62. b7 Kf4 63. Kb6 e5 64. Nd3+ Kf5 65. Rf1 e4 66.
Ne1 Kf4 67. Ng2+ Ke5 68. Ne3 Kd4 69. Nxg4 Bxg4 70. Rxf7 Be6 71. Rh7 Rxh7 72.
b8=Q Bd5 73. Qf4 Rb7+ 74. Ka5 Rb3 75. Qd2+ Kc5 76. Qc1+ Bc4 77. Qg5+ Kd4 78.
Qg7+ Kd3 79. Qd7+ Ke3 80. Qh3+ Kd2 81. Qg2+ Kd3 82. Qf1+ Kc3 83. Qe1+ Kd4 84.
Qa1+ Kd5 85. Qd1+ Rd3 86. Qh5+ Kd4 87. Qh8+ Ke3 88. Kb4 Bd5 89. Qh6+ Ke2 90.
Qh2+ Kd1 91. Qg1+ Kd2 92. Qf2+ Kc1 93. Qe1+ Kc2 94. Qe2+ Rd2 95. Qe1 Rd4+ 96.
Kc5 Rd3 97. Qe2+ Kb3 98. Qf1 Ka3 99. Qc1+ Ka4 100. Qa1+ Kb3 101. Qb1+ Ka3 102.
Qc1+ Kb3 103. Qb1+ 1/2-1/2

[Event "Prva liga centralne Srbije 2013"]
[Site "Kragujevac"]
[Date "2013.09.20"]
[Round "9.5"]
[White "Organdziev, Oliver"]
[Black "Misojcic, Miroslav"]
[Result "1-0"]
[WhiteElo "2308"]
[BlackElo "2253"]
[PlyCount "57"]
[EventDate "2013.09.14"]

1. e4 c5 2. Nf3 Nc6 3. Bb5 Qc7 4. O-O a6 5. Bxc6 Qxc6 6. d4 cxd4 7. Qxd4 e6 8.
Be3 Nf6 9. Nc3 d6 10. Rad1 b5 11. e5 Nd7 12. exd6 Bb7 13. a4 e5 14. Qb4 bxa4
15. Rfe1 a5 16. Qa3 Ra6 17. Rd5 Bxd6 18. Bc5 Nxc5 19. Red1 Be7 20. Nxe5 Qc8 21.
R5d2 Re6 22. f4 O-O 23. Qa2 Bf6 24. Nd5 Bxe5 25. fxe5 Rxe5 26. Nf4 Ne4 27. Rd4
Qxc2 28. Rd8 Qf2+ 29. Kh1 1-0

[Event "Prva liga centralne Srbije 2013"]
[Site "Kragujevac"]
[Date "2013.09.20"]
[Round "9.6"]
[White "Cabrilo, Goran"]
[Black "Pancevski, Filip"]
[Result "1-0"]
[WhiteElo "2388"]
[BlackElo "2500"]
[PlyCount "83"]
[EventDate "2013.09.14"]

1. e4 g6 2. d4 Bg7 3. Nc3 c6 4. f4 d5 5. e5 Nh6 6. Nf3 Bg4 7. Be3 f6 8. Be2 O-O
9. Nh4 fxe5 10. dxe5 e6 11. g3 Bxe2 12. Nxe2 Qc7 13. Nf3 c5 14. c3 Nc6 15. Qa4
a6 16. Rd1 Rfd8 17. O-O b5 18. Qc2 Rac8 19. h3 Bf8 20. Bf2 Nf7 21. Rfe1 Qb7 22.
g4 g5 23. h4 Nh6 24. Nxg5 Nxg4 25. Nxe6 Qf7 26. Ng5 Qh5 27. Qf5 Ne7 28. Qe6+
Kh8 29. Nf7+ Kg7 30. Nxd8 Rxd8 31. Ng3 Qg6 32. Qxg6+ Nxg6 33. Nf5+ Kf7 34. Bg3
Ke6 35. Nd6 Ne7 36. Bf2 Bh6 37. Nb7 Rg8 38. Nxc5+ Kf5 39. Kf1 Bxf4 40. Nd3 Ng6
41. h5 N6xe5 42. Nxe5 1-0

[Event "Prva liga centralne Srbije 2013"]
[Site "Kragujevac"]
[Date "2013.09.20"]
[Round "9.6"]
[White "Zajic, Milan"]
[Black "Milanovic, Slavisa"]
[Result "1/2-1/2"]
[WhiteElo "2302"]
[BlackElo "2419"]
[PlyCount "34"]
[EventDate "2013.09.14"]

1. e4 c5 2. Nf3 g6 3. d4 cxd4 4. Nxd4 Bg7 5. c4 Nc6 6. Be3 Nf6 7. Nc3 O-O 8.
Be2 a5 9. O-O d6 10. b3 Nxd4 11. Bxd4 Bd7 12. Qd2 Bc6 13. f3 Nd7 14. Be3 Nc5
15. Rab1 Qb6 16. Rfc1 Rfc8 17. Rc2 Qd8 1/2-1/2

[Event "Prva liga centralne Srbije 2013"]
[Site "Kragujevac"]
[Date "2013.09.20"]
[Round "9.6"]
[White "Ivanovic, Dragutin"]
[Black "Brankovic, Dejan"]
[Result "0-1"]
[WhiteElo "2360"]
[BlackElo "2364"]
[PlyCount "56"]
[EventDate "2013.09.14"]

1. d4 Nf6 2. c4 g6 3. Nc3 Bg7 4. e4 d6 5. Nge2 O-O 6. Ng3 e5 7. d5 a5 8. Be2 h5
9. Bg5 Qe8 10. h4 Ng4 11. f3 f6 12. Bd2 Nh6 13. Nb5 Qe7 14. Qc2 c6 15. Nc3 Qc7
16. O-O-O Na6 17. f4 Nb4 18. Qb3 f5 19. fxe5 f4 20. exd6 Qxd6 21. a3 fxg3 22.
axb4 axb4 23. Nb1 c5 24. Rhf1 Bg4 25. e5 Qxe5 26. Bxg4 Nxg4 27. Rfe1 Qf5 28.
Re7 Nf2 0-1

[Event "Prva liga centralne Srbije 2013"]
[Site "Kragujevac"]
[Date "2013.09.20"]
[Round "9.6"]
[White "Sandic, Vladeta"]
[Black "Cvetanovic, Uros"]
[Result "1/2-1/2"]
[WhiteElo "2326"]
[BlackElo "2258"]
[PlyCount "60"]
[EventDate "2013.09.14"]

1. d4 Nf6 2. c4 e6 3. Nc3 Bb4 4. Qc2 O-O 5. a3 Bxc3+ 6. Qxc3 Ne4 7. Qc2 f5 8.
Nf3 b6 9. g3 Bb7 10. Bg2 Nf6 11. O-O Be4 12. Qc3 d6 13. b4 Nbd7 14. Bb2 Qe7 15.
Nd2 Bxg2 16. Kxg2 c5 17. f4 Rfc8 18. Qd3 d5 19. dxc5 bxc5 20. cxd5 Nxd5 21.
bxc5 Nxc5 22. Qd4 Nf6 23. Rac1 Qb7+ 24. Kg1 Rd8 25. Qxc5 Qxb2 26. Rc2 Qb6 27.
Qxb6 axb6 28. Rf3 Rd5 29. Rfc3 Rad8 30. Nf3 h6 1/2-1/2